<?xml version="1.0" encoding="UTF-8"?><?xml-stylesheet type="text/xsl" href="static/style.xsl"?><OAI-PMH xmlns="http://www.openarchives.org/OAI/2.0/" xmlns:xsi="http://www.w3.org/2001/XMLSchema-instance" xsi:schemaLocation="http://www.openarchives.org/OAI/2.0/ http://www.openarchives.org/OAI/2.0/OAI-PMH.xsd"><responseDate>2026-04-13T01:34:52Z</responseDate><request verb="GetRecord" identifier="oai:www.recercat.cat:2072/431792" metadataPrefix="marc">https://recercat.cat/oai/request</request><GetRecord><record><header><identifier>oai:recercat.cat:2072/431792</identifier><datestamp>2024-12-21T20:58:13Z</datestamp><setSpec>com_2072_220028</setSpec><setSpec>com_2072_4427</setSpec><setSpec>col_2072_220405</setSpec></header><metadata><record xmlns="http://www.loc.gov/MARC21/slim" xmlns:dcterms="http://purl.org/dc/terms/" xmlns:xsi="http://www.w3.org/2001/XMLSchema-instance" xmlns:doc="http://www.lyncode.com/xoai" xsi:schemaLocation="http://www.loc.gov/MARC21/slim http://www.loc.gov/standards/marcxml/schema/MARC21slim.xsd">
   <leader>00925njm 22002777a 4500</leader>
   <datafield ind2=" " ind1=" " tag="042">
      <subfield code="a">dc</subfield>
   </datafield>
   <datafield ind2=" " ind1=" " tag="720">
      <subfield code="a">Castanyer i Masoliver, Pere, 1961-</subfield>
      <subfield code="e">author</subfield>
   </datafield>
   <datafield ind2=" " ind1=" " tag="720">
      <subfield code="a">Tremoleda i Trilla, Joaquim, 1962-</subfield>
      <subfield code="e">author</subfield>
   </datafield>
   <datafield ind2=" " ind1=" " tag="720">
      <subfield code="a">Colominas Barberà, Lídia</subfield>
      <subfield code="e">author</subfield>
   </datafield>
   <datafield ind2=" " ind1=" " tag="260">
      <subfield code="c">2019</subfield>
   </datafield>
   <datafield ind2=" " ind1=" " tag="520">
      <subfield code="a">Dans ce travail, nous étudions les espaces liés à la cuisine et au garde-manger de la partie résidentiel de la villa romaine
de Vilauba. L’identification fonctionnelle de la plupart des zones de la maison permet de connaître les caractéristiques des
aménagements liés à l’alimentation de ses habitants. La destruction soudaine du bâtiment a permis de récupérer la plupart des
objets composant la maison et d’étudier les différents objets d’un point de vue fonctionnel. Outre les outils de cuisine, l’étude
des restes de la faune trouvés dans ces espaces contribue à la reconstruction des principales pratiques alimentaires de cette
villa rurale.</subfield>
   </datafield>
   <datafield ind2=" " ind1=" " tag="520">
      <subfield code="a">En aquest treball s’estudien els espais relacionats amb la cuina i el rebost del nucli residencial de la vil·la romana de Vilauba.
La identificació funcional de la major part de les estances de la casa permet conèixer les característiques de les instal·lacions
vinculades amb l’alimentació dels seus habitants. La destrucció sobtada de l’edificació ha permès recuperar la major part dels
objectes que conformaven el parament de la casa i estudiar els diversos objectes des d’una perspectiva funcional. A més de la
cuina i dels estris culinaris, l’estudi de les restes de fauna recuperades en aquests espais contribueix a reconstruir els principals
hàbits alimentaris en aquesta vil·la rural.</subfield>
   </datafield>
   <datafield ind1="8" ind2=" " tag="024">
      <subfield code="a">978-84-9984-500-5</subfield>
   </datafield>
   <datafield ind1="8" ind2=" " tag="024">
      <subfield code="a">http://hdl.handle.net/2072/431792</subfield>
   </datafield>
   <datafield ind2="0" ind1="0" tag="245">
      <subfield code="a">Cuina, rebost i alimentació a la vil·la romana de Vilauba vers la fi del segle III d.C.</subfield>
   </datafield>
</record></metadata></record></GetRecord></OAI-PMH>